000
00208 a2200097 4500
001
46475
100
_a
Sana ul Haq
245
_a
Mero sauda ka dawor
260
_a
Karachi
_b
Hyderabad
_c
090
_c
29581
_d
29581
942
_a
NUST-CAE
_c
_c
21759
999
_c
281548
_d
281548